000 00601nam a2200193Ia 4500
005 20260114185835.0
008 008 260114s9999 xx 000 0 eng d
020 _a9781628927887
037 _aEBOOK
040 _aCRL
_beng
_cCRL
041 _aeng
_2eng
084 _qCRL
100 _aRobert C. MacDougall
_9875044
245 0 _aDrugs & Media New Perspectives on Communication, Consumption, and Consciousness
260 _bBloomsbury
_c2011
856 _uhttps://doi.org/10.5040/9781628927887?locatt=label:secondary_bloomsburyCollections
942 _cEBOOK
999 _c1473978
_d1473978